Дело о взыскании с Монахова

Доступно только в Электронных читальных залах Найти на картеНа карте
RUSMARC
00003847nmc2a22002533x 450
001b80f4dd5-ea72-4eba-af3b-7949cb8bfcfa
00520210623223528.0
100##$a20210205l18921895k l0rusy0189 ca
1010#$arus
102##$aRU
105##$ay###
1222#$ad
2001#$aДело о взыскании с Монахова
$j16 октября 1892 г. - 27 июня 1895 г.
215##$a7 л.
$d36,5х26 см
251##$cДело
300##$aПо Санкт-Петербургской конторе Дирекции императорских театров
300##$aНа обложке имеются карандашные пометы
371##$aДокумент не является опубликованным и широко распространяемым
461#0$10019264ebf8-de62-4f1a-9eb4-9f22098dbbd5
$12001
$aДирекция императорских театров МИДв
$1251
$cФонд
$1852
$j497
462#0$1001ff15f5e8-b5fa-4fe1-bbcd-275cd0305ec2
$12001
$aДела Санкт-Петербургской конторы Дирекции императорских театров и дела Московской конторы Дирекции императорских театров
$1251
$cОпись
$1852
$j10
801#0$aRU
$bРГИА
$c20210205
$gRCR
801#1$aRU
$bГлавНИВЦ
$c20210205
$2rusmarc
801#2$aRU
$bПБ им. Б.Н. Ельцина
$c20210623
$gRCR
$2rusmarc
850##$aРГИА
852##$aРГИА
$eФедеральное казенное учреждение "Российский государственный исторический архив" (РГИА)
$j363
$lб
937##$hРГИА
$d12355610
$aASBIBLIO_SCAN
035##$aRusGRCC00021894
856##$uhttp://readingroom.main.prlib.ru/item.aspx?id_node=n165426467&mode=full
Формат отображения